| 000 | 01119cam a2200289 a 4500 | ||
|---|---|---|---|
| 001 | 000012444 | ||
| 005 | 20241010113235.0 | ||
| 008 | 860227s1968 ve 000 0 spa | ||
| 035 | _a(DLC) 73205049 | ||
| 040 |
_aDO-SdBNP _cCarP _dDLC _dBNPHU |
||
| 082 |
_a371.3 _bS715p |
||
| 100 | 1 |
_aSosa, Jesualdo, _d1905- _929156 |
|
| 245 | 1 | 0 |
_aPedagogía de la expresión / _cJesualdo Sosa ; prólogo, J. F. Reyes Baena. |
| 260 |
_aCaracas : _bEscuela de Educación : _bFacultad de Humanidades y de Educación ; _bUniversidad Central de Venezuela, _c1968. |
||
| 300 |
_a73 p. ; _c22 cm. |
||
| 490 | 1 |
_aEnsayos _v5 |
|
| 534 | _aIncluye referencias bibliográficas al pie de las páginas. | ||
| 650 | 4 |
_aMetodología en pedagogía . _917525 |
|
| 650 | 4 |
_aPsicología del aprendizaje _92721 |
|
| 650 | 4 |
_aPensamiento creativo _98124 |
|
| 650 | 0 |
_aPedagogía _9693 |
|
| 700 | 1 |
_aReyes Baena, J. F., _epról. _929157 |
|
| 810 | 1 |
_aVenezuela. _bUniversidad Central, Caracas. _bEscuela de Educación. _tColeccion ensayos, _vno. 5. _929158 |
|
| 830 | 0 |
_aEnsayos ; _v5. _911110 |
|
| 910 | _aCatalogación por copia / LC | ||
| 049 | _aBNGR | ||
| 999 |
_c12101 _d12101 |
||